[Event "Corus"]
[Site "Wijk aan Zee"]
[Date "2008.01.25"]
[Round "11"]
[White "Carlsen, Magnus"]
[Black "Anand, Viswanathan"]
[Result "0-1"]
[WhiteElo "2733"]
[BlackElo "2799"]
[Annotator "Ftacnik,Lubomir"]
[PlyCount "84"]
[EventDate "2008.01.12"]
[EventType "tourn"]
[EventRounds "13"]
[EventCountry "NED"]
[EventCategory "20"]
[SourceTitle "CBM 122"]
[Source "ChessBase"]
[SourceDate "2008.01.30"]
[SourceVersion "1"]
[SourceVersionDate "2008.01.30"]
[SourceQuality "1"]

1. e4 c5 2. Nf3 d6 3. d4 cxd4 4. Nxd4 Nf6 5. Nc3 a6 6. Be2 e6 7. a4 Nc6 8. O-O Be7 9. Be3 O-O 10. f4 Qc7 11. Kh1 Re8 12. Bf3 Rb8 13. Qd2 Bf8 14. Qf2 Bd7 ({RR} 14... e5 15. Nde2 b5 16. axb5 axb5 17. Nd5 Nxd5 18. exd5 Nb4 19. fxe5 Rxe5 20. Bf4 Rf5 21. Be4 Rf6 22. c3 Na6 23. b4 Qc4 24. Ng3 Nc7 25. Nh5 Qxe4 26. Nxf6+ gxf6 27. Qg3+ Qg6 28. Bxd6 Qxg3 29. Bxg3 {McShane,L (2713)-Van Wely,L (2691) Wolvega 2012 ½-½ (51)}) 15. g4 $1 {Carlsen had little to lose by playing aggressively against the world champion. Some even insist, that 14...d7 was not the best move for Black.} e5 16. Nf5 exf4 (16... Be6 17. g5 Nd7 18. Nh6+ gxh6 19. f5 Bc4 20. Rg1 Ne7 (20... hxg5 21. b3 f6 22. bxc4 $13) 21. gxh6+ Kh8 22. Rg2 d5 23. Rag1 d4 24. Qg3 Ng6 25. fxg6 fxg6 26. Bxd4 Bxh6 27. Nd5 Bxd5 28. exd5 Bg7 29. Bc3 $14 {1/2 Kristiansen,J (2445)-Horvath,J (2540)/Novi Sad 1990 (41)}) 17. Bxf4 $146 {The defender has done nothing wrong, so it is no surprise that the violent line 17.b6 is not dangerous for him.} (17. Bb6 Qc8 18. g5 Nxe4 19. Nh6+ (19. Bxe4 Bxf5 20. Bxf5 Qxf5 21. Qxf4 Qg6 $17) 19... gxh6 20. Nxe4 hxg5 21. Rg1 (21. Nxg5 Ne5 $17) 21... Ne5 $2 (21... h6 22. h4 Rxe4 23. Bxe4 Bf5 $15) 22. Rxg5+ Bg7 23. Rag1 Nxf3 24. Rxg7+ Kh8 25. Qxf3 {1-0 Houtsonen,P (2146)-Lehtinen,A (2155)/Tampere 1999}) 17... Be6 18. Rad1 (18. g5 Nd7 19. Bg2 Nb4 $13) 18... Ne5 19. Bxe5 {In the higher chess sense such an exchange should not be the best line. White is giving up the control of the dark squares hoping, that his magnificent knights will offer chances for a kingside attack.} (19. g5 Nfd7 20. Bg2 Nb6 $13) 19... dxe5 20. g5 Nd7 21. Nd5 Qc6 (21... Bxd5 22. exd5 e4 23. Bg2 Rbd8 24. d6 Qc5 25. Qf4 $16) (21... Qc5 22. Nfe3 $1 Be7 (22... b5 23. Bh5 g6 24. Bg4 $16) 23. Qg2 $14) 22. Bg2 {The young star was criticised for this retreat, but otherwise Black would always be able to take the f5-knight at a suitable moment.} (22. a5 Bxf5 23. exf5 e4 24. Bg2 Re5 25. f6 $14) 22... Qc5 23. Qh4 $1 (23. Qxc5 $6 Nxc5 24. Nc7 Rec8 25. Nxe6 Nxe6 $15) 23... Qxc2 24. Rc1 Qxa4 {Anand likes the idea of indirectly pinning the queen on h4 along the 4th rank. It is most likely, that Black can hold after the greedy 24...xb2, but that would be quite risky.} (24... Qxb2 25. Rc3 g6 26. Rh3 h5 27. Bf3 (27. gxh6 Kh8 28. Ng7 Bxd5 29. exd5 Be7 30. Qe1 Rf8 $15) 27... Qc2 28. Bxh5 gxh5 29. Qxh5 Qxe4+ 30. Rff3 Qe1+ 31. Kg2 Qd2+ 32. Kg3 Qe1+ 33. Kg2 $11) 25. b3 {In this charged position each move can be worth its weight in gold. The direct 25.c3 was praised as the best move, but Anand would not have had to take on d5 as suggested by some grandmasters.} (25. Rc3 g6 $1 (25... Bxd5 26. Rh3 h6 27. gxh6 g6 (27... Bxe4 28. Bxe4 g6 29. Bd5 Qb5 (29... Qxh4 30. Nxh4 $18) 30. Ne3 Kh8 31. Rxf7 $16) 28. h7+ Kh8 29. exd5 Qb5 (29... Qxh4 30. Nxh4 g5 $1 31. Rxf7 gxh4 32. Rxd7 Re7 (32... e4 33. Bf1 Bg7 34. Rxh4 e3 $11) 33. Rxe7 Bxe7 34. Be4 Rf8 $11) 30. Ne3 Be7 $11) 26. Rh3 (26. Nfe3 Rec8 27. Ng4 Kh8 28. Rh3 h5 29. gxh6 Qd4 $17) 26... h5 27. gxh6 (27. Bf3 $2 Bxd5 28. exd5 Qxh4 29. Nxh4 e4 $19) 27... Bxf5 28. Nc3 Qd4 29. exf5 Qxh4 30. Rxh4 g5 $15) 25... Qa5 (25... Qxb3 26. Rc3 Qa4 27. Rh3 h6 28. gxh6 g6 29. Nf6+ Nxf6 30. Qxf6 Kh7 31. Qg7+ Bxg7 32. hxg7+ Kg8 33. Rh8#) 26. Rc3 (26. b4 Bxb4 27. Ra1 Qc5 28. Rfc1 Qf8 $17) 26... g6 27. Rh3 h5 28. Bf3 {[%mdl 128] This pure aggression is correct since the whole position cries for the decision on the kingside.} (28. gxh6 Qd8 (28... gxf5 $2 29. Rg3+ Kh7 30. Qg5 $18) 29. h7+ Kh8 30. Qg3 Rc8 $15) 28... Bxd5 29. exd5 Bg7 $1 {Anand knows better, than to let his young opponent roam freely on the light squares with 29..gxf5?} (29... gxf5 $2 30. Qxh5 Bg7 31. Qh7+ Kf8 32. Qxf5 Re7 33. d6 Re6 34. Rh7 $18) 30. Bxh5 (30. Nxg7 Kxg7 31. Be4 Rf8 $17) 30... gxf5 (30... gxh5 31. Qxh5 Qxd5+ 32. Rff3 (32. Kg1 Qc5+ 33. Rf2 Qc1+ 34. Rf1 Qc5+ $11) 32... Qd1+ 33. Kg2 Qe2+ 34. Kg1 Qd1+ 35. Kg2 Qe2+ $11) 31. Bxf7+ $5 {A truly ingenious idea, as Carlsen steps up his attack with a spectacular sacrifice.} (31. Rxf5 Qxd5+ 32. Rhf3 Rf8 33. Bxf7+ Rxf7 34. Rxf7 Nf8 $17) 31... Kxf7 32. g6+ Kg8 (32... Kxg6 $2 33. Rg1+ Kf7 34. Rxg7+ $1 Kxg7 35. Qg5+ $18) 33. Qh7+ $2 {Youth mixed with impatience and excitement! White must have been frustrated, that despite his heroic efforts the chances remain balanced. The necessary 33.xf5 allowed Black to sacrifice the queen in order to avoid perpetual, but chances would stay about equal.} (33. Rxf5 Qxd5+ (33... Qa1+ $5 34. Kg2 Qb2+ 35. Rf2 Qxf2+ 36. Kxf2 (36. Qxf2 Nf6 37. d6 Rbd8 38. Rd3 $13) 36... Nf8 37. Rg3 Rbd8 38. Qe4 $13) 34. Rhf3 Qd1+ (34... Qxf3+ 35. Rxf3 Nf8 36. Qc4+ Ne6 37. Rf7 $11) 35. Rf1 (35. Kg2 $2 Qd2+ 36. Rf2 Qh6 $19) 35... Qd5+ $11) 33... Kf8 34. Rxf5+ Ke7 (34... Nf6 $2 35. Rxf6+ Bxf6 36. Qf7#) 35. Qxg7+ Kd6 $1 {This moment was surely pleasant for Anand, suddenly his king looks much safer than White's!} (35... Kd8 36. Qf7 Qe1+ 37. Rf1 Qe4+ $17) 36. Rf7 (36. Rf6+ Nxf6 37. Qxf6+ Kc5 38. Qf2+ Kb5 $19) 36... Qxd5+ 37. Kg1 Rbd8 38. Rh7 Qd4+ 39. Kg2 (39. Kf1 Qd1+ 40. Kg2 Qg4+ 41. Kf2 Rg8 $19) 39... Qg4+ 40. Kh1 Rg8 {The game is over as the knight on d7 still holds the Black's position together.} 41. Rf6+ (41. Rxd7+ Qxd7 42. Qf6+ Qe6 $19) 41... Kc7 (41... Nxf6 42. Qxf6+ Kd5 $19) 42. Qe7 Qe4+ {A real battle of great chess minds. Carlsen deserves lot of credit for his spirited attack!} 0-1

[Event "Morelia/Linares 25th"]
[Site "Morelia/Linares"]
[Date "2008.02.15"]
[Round "1"]
[White "Carlsen, Magnus"]
[Black "Ivanchuk, Vassily"]
[Result "1/2-1/2"]
[WhiteElo "2733"]
[BlackElo "2751"]
[Annotator "Ftacnik,Lubomir"]
[PlyCount "78"]
[EventDate "2008.02.15"]
[EventType "tourn"]
[EventRounds "14"]
[EventCountry "ESP"]
[EventCategory "21"]
[SourceTitle "CBM 123"]
[Source "ChessBase"]
[SourceDate "2008.04.02"]
[SourceVersion "1"]
[SourceVersionDate "2008.04.02"]
[SourceQuality "1"]

1. e4 {Ftacnik,Lubomir} c5 2. Nf3 d6 3. d4 cxd4 4. Nxd4 Nf6 5. Nc3 a6 6. Be3 e5 7. Nf3 Be7 8. Bc4 O-O 9. O-O Be6 10. Bb3 Nc6 11. Qe2 Na5 12. Rfd1 Nxb3 13. cxb3 {Recapturing with the c-pawn is not desirable, but Carlsen believes in the advantages it carries. Opening of the c-file invites activity by White's rook, also the knight move to d5 will gain in impact.} ({RR} 13. axb3 Qc7 14. Bg5 Nh5 15. Bxe7 Qxe7 16. Qe3 Nf6 17. Rd2 Rad8 18. Rad1 Qc7 19. h3 h6 20. Nh2 b5 21. Nf1 b4 22. Na4 d5 23. exd5 Rxd5 24. Rxd5 Nxd5 25. Qc5 Qb7 26. Qd6 Nf4 27. Ne3 Bxh3 {Sathvik Adiga (2396)-Temirbekov,T (2301) Durres ALB 2025 1-0 (53)}) 13... Nd7 (13... Qe8 14. Ne1 (14. Bg5 Nh5 15. Nd2 f5 16. Bxe7 {1/2 Movsesian,S (2632)-Babula,V (2585)/Czechia 2006}) 14... Ng4 (14... h6 15. Nc2 Qd7 16. Nb4 Rfc8 17. f3 Bd8 18. Rd3 a5 19. Nbd5 Nxd5 20. Nxd5 a4 21. bxa4 Rxa4 22. b3 {1-0 Carlsen,M (2675)-Nunn,J (2617)/Amsterdam 2006 (45)}) 15. Nc2 f5 16. f3 Nxe3 17. Nxe3 fxe4 18. Nxe4 Rd8 19. Nd5 Qf7 20. Qd3 Bxd5 21. Qxd5 Qxd5 22. Rxd5 Kf7 23. Rad1 Ke6 $11 {0-1 Carlsen,M (2698)-Karjakin,S (2672)/Cap d'Agde 2006 (50)}) ({RR} 13... Qb8 14. Bg5 b5 15. Rd3 ({RR} 15. Ne1 h6 16. Bxf6 Bxf6 17. Nc2 Bd8 18. Nb4 Bb6 19. Ncd5 Bc5 20. Nc6 Qb7 21. b4 Bxd5 22. exd5 Bb6 23. a4) 15... h6 16. Bxf6 ({RR} 16. Be3 Qb7) 16... Bxf6 17. Rad1 Be7 18. Nd5 Bxd5 19. Rxd5 ({RR} 19. exd5 Qb7 20. Rc3 Rac8 21. Qc2 Rxc3 22. bxc3 Rc8) 19... Qc7 20. Ne1 Rac8 21. g3 ({RR} 21. Nd3 Qa7) 21... f5 22. exf5 Rxf5 23. Qe4 ({RR} 23. f4 Qa7+ 24. Kh1 Rcf8 25. Nd3 Qb7 26. Qe4) 23... Rcf8 24. R1d2 h5 25. Rc2 Qa7 26. Nd3 h4 27. Kg2 ({RR} 27. Nf4 Bg5 28. Nh3 Be7 29. Rd3 hxg3 30. hxg3 Qd7 31. f3) ({RR} 27. Qg4 hxg3 28. hxg3 Rg5 29. Qe6+ Kh7 30. Nc5) 27... hxg3 ({RR} 27... Qd7 28. a4 Rh5 29. Kg1 hxg3 30. hxg3) 28. hxg3 {Leko,P (2753)-Shirov,A (2755) Morelia/Linares 2008 CBM 123 [Ftacnik,Lubomir] ½-½ (37)}) ({RR} 13... Qe8 14. Ne1 Ng4 15. Nc2 f5 16. f3 Nxe3 17. Nxe3 fxe4 18. Nxe4 Rd8 19. Nd5 Qf7 20. Qd3 Bxd5 21. Qxd5 Qxd5 22. Rxd5 Kf7 23. Rad1 Ke6 24. b4 Rc8 25. b5 Rc2 26. bxa6 bxa6 27. Ra5 Rb8 28. b3 {Carlsen,M (2698)-Karjakin,S (2672) Cap d'Agde 2006 0-1 (50)}) 14. Nd2 $146 ({RR} 14. Ne1 Rc8 15. Nc2 f5 16. exf5 Rxf5 17. Nb4 Nf6 18. Nbd5 Nxd5 19. Nxd5 Bxd5 20. Rxd5 Qd7 21. Qd3 Qe6 22. Qe4 Rff8 23. Rad1 Qf5 24. Qxf5 Rxf5 25. f4 Rc2 26. fxe5 dxe5 27. Rd7 Bg5 28. Bxg5 Rxg5 {Munguntuul,B (2356)-Federer,C (2187) Biel SUI 2024 ½-½ (61)}) ({RR} 14. Nd5 Rc8 15. Qd3 Rc6 16. Nxe7+ Qxe7 17. Rac1 Rfc8 18. Rxc6 Rxc6 19. h3 f6 20. Nh4 g6 21. f4 exf4 22. Bxf4 Ne5 23. Qg3 Rc2 24. Nf5 Bxf5 25. exf5 Kg7 26. fxg6 hxg6 27. h4 Rxb2 28. h5 g5 {Krejci,J (2315)-Pavlidis,A (2182) Sibenik 2007 0-1 (45)}) 14... Qc7 15. Rac1 Rfc8 16. Nd5 Qd8 {Ivanchuk is much too strong to fall for the simple trick of the black rook being hit by the e3-bishop later in the tactical line.} (16... Qxc1 $2 17. Nxe7+ Kf8 18. Rxc1 Rxc1+ 19. Nf1 Rxf1+ 20. Kxf1 Kxe7 21. Qc2 Kd8 22. f4 $16) 17. Rxc8 (17. Nxe7+ Qxe7 18. Nc4 Rc6 19. Na5 Rxc1 20. Rxc1 h6 21. Nxb7 Nf6 22. Na5 Nxe4 $11) 17... Rxc8 18. Nxe7+ Qxe7 19. Nc4 Bxc4 {Black was surely confident, that he could hold the position even though White will now have reason to fight for more.} (19... Rc6 20. Na5 Rc7 21. Qd2 Nf8 22. Qb4 Rd7 23. f3 $14) 20. bxc4 Nc5 21. b3 (21. f3 Ne6 22. g3 Rc6 $14) 21... Rc6 (21... Nxe4 $2 22. Qg4 $18) 22. Qc2 h6 23. g3 Qc7 24. Kg2 (24. Bxc5 Rxc5 25. Qd2 Rc6 26. Qd5 $14) 24... Nd7 25. Qd3 Nf6 26. a4 Nd7 27. h3 (27. b4 Rxc4 28. Bc5 b5 $11) 27... Kf8 $2 {The king has decided to help with the support of the vulnerable d6-pawn, but the move has a serious flaw.} (27... Qa5 28. Qe2 Qb4 29. Rd3 Nc5 30. Bxc5 Qxc5 $14) 28. Bc1 $6 {[%mdl 64] The last truly exciting moment of this game has passed without either playersreally noticing. Carlsen misses a golden chance to create serious problems with the b-pawn advance.} (28. b4 $5 Rxc4 (28... Nf6 $6 29. b5 Rxc4 30. Bb6 Qc8 31. Qxd6+ Kg8 32. Qe7 Qe6 33. Rd8+ Kh7 34. Qxe6 fxe6 35. bxa6 bxa6 36. a5 Nxe4 37. Ra8 $16) (28... a5 29. c5 axb4 30. cxd6 Qa5 31. Qb3 Ra6 32. Bd2 Qxa4 33. Rc1 $16) 29. Bc5 Rxc5 30. bxc5 Nxc5 31. Qxd6+ Qxd6 32. Rxd6 Nxa4 33. Rd5 f6 (33... Nc3 $2 34. Rxe5 f6 35. Rc5 Nxe4 36. Rc8+ Ke7 37. Rc7+ $16) 34. Rd8+ Ke7 35. Rg8 Kf7 36. Rc8 b6 37. Rc7+ Kg6 (37... Kf8 38. Rb7 Nc5 (38... b5 39. Kf3 $16) 39. Rxb6 Nxe4 40. Rxa6 $16) 38. f4 exf4 39. gxf4 Nc5 40. Kf3 a5 41. Rc6 $16) 28... Nc5 29. Qf3 Qb6 30. Ba3 Qxb3 31. Qxb3 Nxb3 32. Bxd6+ Kg8 33. Bxe5 Rxc4 34. Rd8+ Kh7 35. Rd7 Rxe4 36. f4 {White's pieces are active enough to secure draw.} Kg8 (36... Kg6 37. Rxb7 Nc5 38. Rb6+ f6 39. Bd6 Nxa4 40. Rxa6 $11) 37. Rd8+ Kh7 38. Rd7 Kg8 39. Rd8+ Kh7 1/2-1/2

[Event "Morelia/Linares 25th"]
[Site "Morelia/Linares"]
[Date "2008.02.16"]
[Round "2"]
[White "Shirov, Alexei"]
[Black "Carlsen, Magnus"]
[Result "1/2-1/2"]
[WhiteElo "2755"]
[BlackElo "2733"]
[PlyCount "77"]
[EventDate "2008.02.15"]
[EventType "tourn"]
[EventRounds "14"]
[EventCountry "ESP"]
[EventCategory "21"]
[SourceTitle "CBM 123"]
[Source "ChessBase"]
[SourceDate "2008.04.02"]
[SourceVersion "1"]
[SourceVersionDate "2008.04.02"]
[SourceQuality "1"]

1. e4 c5 2. Nf3 e6 3. d4 cxd4 4. Nxd4 a6 5. Bd3 Ne7 6. O-O Nbc6 7. Nxc6 Nxc6 8. Be3 Be7 9. Nd2 ({RR} 9. c4 O-O 10. Nc3 b6 11. f4 Bc5 12. Qd2 Qe7 13. Rad1 f6 14. Rfe1 Rb8 15. a3 Bxe3+ 16. Qxe3 e5 17. f5 Qc5 18. b4 Qxe3+ 19. Rxe3 Rd8 20. Bb1 Nd4 21. Ne2 Nxe2+ 22. Rxe2 Bb7 23. Red2 Bc6 {Fiskaaen,M (2340)-Al Tarbosh,W (2224) Fagernes NOR 2025 ½-½ (61)}) 9... d5 ({RR} 9... O-O 10. c3 Qc7 11. Nc4 b5 12. Nb6 Rb8 13. Nxc8 Rfxc8 14. a4 Ne5 15. axb5 axb5 16. Bd4 Nc6 17. Be3 b4 18. Ba6 Rd8 19. Qe2 bxc3 20. bxc3 Qe5 21. Bd2 Rb2 22. f4 Qc5+ 23. Kh1 d5 24. e5 {Leko,P (2751)-Kramnik,V (2759) Nice 2009 0-1 (43)}) 10. exd5 exd5 $146 11. Nb3 O-O 12. Re1 Re8 13. c3 Bd6 14. Qc2 g6 15. Bc5 Bc7 16. Rxe8+ Qxe8 17. Qd2 Qe5 18. Qh6 Bf5 19. Bxf5 Qxf5 20. Nd4 Qe4 21. f3 Qe8 22. Nxc6 bxc6 23. Bd4 Be5 24. Qd2 Qb8 25. g3 Qd6 26. Re1 Bxd4+ 27. cxd4 c5 28. Kg2 c4 29. h4 h5 30. g4 hxg4 31. fxg4 Qd7 32. Kg3 Re8 33. Rxe8+ Qxe8 34. h5 Qe4 35. hxg6 fxg6 36. Qf4 Qe1+ 37. Kh3 Qh1+ 38. Kg3 Qe1+ 39. Kh3 1/2-1/2

[Event "Morelia/Linares 25th"]
[Site "Morelia/Linares"]
[Date "2008.02.20"]
[Round "5"]
[White "Topalov, Veselin"]
[Black "Carlsen, Magnus"]
[Result "0-1"]
[WhiteElo "2780"]
[BlackElo "2733"]
[Annotator "Rogozenco,Dorian"]
[PlyCount "88"]
[EventDate "2008.02.15"]
[EventType "tourn"]
[EventRounds "14"]
[EventCountry "ESP"]
[EventCategory "21"]
[SourceTitle "CBM 123"]
[Source "ChessBase"]
[SourceDate "2008.04.02"]
[SourceVersion "1"]
[SourceVersionDate "2008.04.02"]
[SourceQuality "1"]

1. e4 Nf6 2. e5 Nd5 3. d4 d6 4. Nf3 dxe5 5. Nxe5 c6 {Most likely Carlsen's opening choice came as a surprise to Topalov, although Magnus has already used this system before.} 6. Bd3 ({The natural looking} 6. c4 {is inaccurate. After} Nb4 {Black suddenly develops an initiative, threatening to take on d4 followed by the check on c2. Therefore White must place the knight on a3, after which Black easily achieves comfortable play:} 7. Be3 Bf5 8. Na3 (8. Nd3 e5 $1 $36) 8... Nd7 $11) ({Besides 6.d3, other attempts to fight for the advantage are} 6. Be2) ({and} 6. Bc4) 6... Nd7 {This is the main idea of Black's setup: to exchange the exposed knight and achieve a very solid position.} 7. Nxd7 {In my opinion this is harmless for Black.} ({When he was 13-years old, Carlsen lost against} 7. O-O {which is actually the strongest continuation:} Nxe5 (7... g6 {is the alternative}) 8. dxe5 Nb4 (8... g6 $142 $14 {/=}) 9. Be4 Qxd1 10. Rxd1 f5 11. a3 Na6 12. Bf3 g6 13. Nd2 Be6 14. Be2 Nc7 15. Nf3 Bd5 16. Nd4 Bg7 17. c4 Bf7 18. f4 $14 {Sutovsky,E (2639)-Carlsen,M (2385)/Rethymnon 2003.}) (7. Nf3 N7f6 8. h3 Nb4 $1 9. Bc4 Bf5 10. Bb3 a5 $1 $11) 7... Bxd7 8. O-O g6 9. Nd2 ({Somewhat better is} 9. Re1 Bg7 10. c3 O-O 11. Bg5 {although Black hardly has any opening problems.}) 9... Bg7 10. Nf3 O-O 11. Re1 ({More cautious is} 11. h3 $11) 11... Bg4 $1 12. c3 c5 $146 {Carlsen's fight for the initiative is justified: Black leads in development and uses his bishops to create pressure on White's centre.} ({RR} 12... e6 13. h3 Bxf3 14. Qxf3 Qb6 15. h4 c5 16. dxc5 Qxc5 17. h5 Rad8 18. Bg5 Rd7 19. Rad1 Ne7 20. Be3 Qa5 21. Be4 Rfd8 22. Bxb7 Qxa2 23. h6 Bf8 24. b4 Nf5 25. Bg5 Rxd1 26. Rxd1 Rxd1+ 27. Qxd1 {Diaz Castro,S (2256)-Romero Sanchez,J (2121) Seville 2014 1-0 (36)}) 13. Be4 ({Although after} 13. dxc5 {Black has} Nxc3 $1 14. bxc3 Bxc3 {White is only slightly worse:} 15. Bh6 Bxe1 (15... Re8 $2 16. Re3 $18) (15... Bxa1 $2 16. Qxa1 $18) 16. Qxe1 Qxd3 17. Ne5 (17. Qe5 $2 f6 18. Qxe7 Rf7) 17... Qd4 18. c6 (18. Bxf8 Kxf8 19. Nxg4 Qxg4 $17) 18... bxc6 19. Nxc6 Qf6 20. Nxe7+ Kh8 21. Nd5 Qd4 22. Bxf8 Rxf8 23. Ne3 Be6 24. Rd1 $15 {/=}) 13... cxd4 14. cxd4 e6 {A dream position for Black, who has perfectly placed pieces against the isolated pawn.} 15. Qb3 $6 ({After} 15. h3 Bxf3 16. Bxf3 Qb6 17. Bxd5 exd5 18. Be3 {White has better chances to achieve a draw. For instance:} Qxb2 19. Qd3 Qb6 20. Rab1 Qc7 21. Rb5 Rfd8 22. Qb3 {regaining the pawn.}) 15... Bxf3 $1 {Very concrete. Black wins the central pawn.} 16. Bxf3 Bxd4 17. Bxd5 Qxd5 18. Qxd5 exd5 19. Rd1 Bg7 $17 20. Kf1 (20. Rxd5 {does not restore material equality:} Rfd8 21. Rxd8+ Rxd8 22. Be3 (22. Kf1 Rd1+ 23. Ke2 Rh1 {is just bad for White}) 22... b6 23. Rb1 Bxb2 {with a healthy pawn up.}) 20... Rfd8 21. Bg5 Rd7 22. Rd2 h6 23. Be3 d4 24. Rd3 Rc8 25. Bd2 Rc2 {Black is a pawn up and has more active pieces. Carlsen converts it convincingly into a full point.} 26. Rb1 Re7 27. a4 f5 28. b3 Rec7 (28... Kf7 29. Rc1 Rxc1+ 30. Bxc1 Ke6 $17 {/-+}) 29. Be1 Kf7 30. Rd2 Rc1 31. Rxc1 Rxc1 32. Ke2 Rb1 $1 33. Rd3 Ke6 34. h4 Kd5 $19 35. Bd2 Ke4 36. Rg3 f4 37. Rd3 Be5 38. f3+ Kd5 39. Be1 Bd6 40. Bd2 g5 41. hxg5 hxg5 42. Be1 g4 43. fxg4 Ke4 44. g5 Ke5 0-1